00559 2200205 4500001002100000005001500021008004100036020002200077035002000099082000800119084001400127100002900141245007800170250000600248260003200254300002900286650001400315990001200329990001200341INLIS00000000000002220240430025608240430 0 ind  a978-602-427-160-2 a0010-0324000022 a600 a600 HEN p aWerdhaningsih, Hendriana1 aBuku Guru Prakarya dan Kewirausahaan Kelas XII /cHendriana Werdhaningsih a1 aJakarta :bKEMDIKBUD,c2018 a328 hlm ;c17 cm x 25 cm 4aNon Fiksi a0738584 a0738585